Roma Vs Lazio Best XI - Statistics

General Stats
  • This quiz has been taken 11 times
  • The average score is 4 of 22
Answer Stats
Hint Answer % Correct
FW(1992-2017 Francesco Totti
90%
MF(2001-19 Daniele De Rossi
80%
FW(2016-24 Ciro Immobile
70%
FW(2015-21 Edin Džeko
50%
MF(2018- Bryan Cristante
20%
GK(1993-2003 Luca Marchegiani
20%
DF(1990-2003 Aldair
10%
GK(1977-90 Franco Tancredi
10%
DF(1992-2004 Giuseppe Favalli
10%
FW(1981-96 Giuseppe Giannini
10%
DF(1993-2005 Paolo Negro
10%
MF(2015-23 Sergej Milinković-Savić
10%
MF(2013~2024 Felipe Anderson
0%
DF(1955-69 Giacomo Losi
0%
DF(1969-80 Giuseppe Wilson
0%
DF(1981-92 Sebino Nela
0%
MF(2011-21 Senad Lulić
0%
DF(1968-81 Sergio Santarini
0%
FW(1934-43 Silvio Piola
0%
MF(2004-13 Simone Perrotta
0%
DF(2008-23 Ștefan Radu
0%
MF(1972-80 Vincenzo D'Amico
0%
No matching quizzes found
Score Distribution
Percent of People with Each Score
Percentile by Number Answered
Your Score History
You have not taken this quiz